000 007490000a22002170004500
003 LK-CoMWRAF
005 20230829152340.0
008 230817t2004 ||||| |||| 00| 0 eng d
020 _a1932705465
040 _aLK-CoMWRAF
_dLK-CoMWRAF
_eLK-CoMWRAF
041 _aeng
082 _a351.095
_bWEE
100 _aWeerakoon, Bradman
245 _aRendering unto Caesar:
_ba fascinating story of one man's tenure under nine Prime Ministers and Presidents of Sri Lanka
260 _aColombo
_bVijitha Yapa
_c2004
300 _axx, 396 p., [24] p. of plates : ill. (some col.) ; 22 cm.
650 _aSRI LANKA-OFFICIAL AND EMPLOYEES-BIOGRAPHY
650 _aPublic administration -Biography
650 _aPolitics and government-Sri Lanka
942 _cBK
999 _c850
_d850